Hagar the horrible : (Record no. 880)
[ view plain ]
| 000 -LEADER | |
|---|---|
| fixed length control field | 01403cam a2200349 i 4500 |
| 005 - DATE AND TIME OF LATEST TRANSACTION | |
| control field | 20260322212037.0 |
| 008 - FIXED-LENGTH DATA ELEMENTS--GENERAL INFORMATION | |
| fixed length control field | data |
| 010 ## - LIBRARY OF CONGRESS CONTROL NUMBER | |
| LC control number | 2017297146 |
| 020 ## - INTERNATIONAL STANDARD BOOK NUMBER | |
| International Standard Book Number | 9781782766940 |
| Qualifying information | (hbk.) |
| 020 ## - INTERNATIONAL STANDARD BOOK NUMBER | |
| International Standard Book Number | 1782766944 |
| Qualifying information | (hbk.) |
| 040 ## - CATALOGING SOURCE | |
| Original cataloging agency | DLC |
| Transcribing agency | DLC |
| 042 ## - AUTHENTICATION CODE | |
| Authentication code | pcc |
| 050 00 - LIBRARY OF CONGRESS CALL NUMBER | |
| Classification number | PN6728.H34 |
| Item number | B83 2017 |
| 082 00 - DEWEY DECIMAL CLASSIFICATION NUMBER | |
| Classification number | 741.5/6973 |
| Edition information | 23 |
| 099 ## - LOCAL FREE-TEXT CALL NUMBER (OCLC) | |
| Classification number | BROWND |
| 001 - CONTROL NUMBER | |
| control field | data |
| 100 1# - MAIN ENTRY--PERSONAL NAME | |
| Personal name | Browne, Dik, |
| Relator term | illustrator. |
| -- | illustrator. |
| 240 10 - UNIFORM TITLE | |
| Uniform title | Hägar the Horrible. |
| Form subheading | Selections |
| 245 10 - TITLE STATEMENT | |
| Title | Hagar the horrible : |
| Remainder of title | the first ten epic years! / |
| Statement of responsibility, etc. | Dik Browne. |
| 260 ## - PUBLICATION, DISTRIBUTION, ETC. | |
| Place of publication, distribution, etc. | London : |
| Name of publisher, distributor, etc. | Titan Publishing Group, |
| Date of publication, distribution, etc. | 2017. |
| 264 #1 - PRODUCTION, PUBLICATION, DISTRIBUTION, MANUFACTURE, AND COPYRIGHT NOTICE | |
| Place of production, publication, distribution, manufacture | London : |
| Name of producer, publisher, distributor, manufacturer | Titan Comics, |
| Date of production, publication, distribution, manufacture, or copyright notice | October 2017. |
| 300 ## - PHYSICAL DESCRIPTION | |
| Extent | 235 pages : |
| Other physical details | illustrations ; |
| Dimensions | 24 cm |
| 336 ## - CONTENT TYPE | |
| Content type term | text |
| Content type code | txt |
| Source | rdacontent |
| 336 ## - CONTENT TYPE | |
| Content type term | still image |
| Source | rdacontent |
| 337 ## - MEDIA TYPE | |
| Media type term | unmediated |
| Media type code | n |
| Source | rdamedia |
| 338 ## - CARRIER TYPE | |
| Carrier type term | volume |
| Carrier type code | nc |
| Source | rdacarrier |
| 500 ## - GENERAL NOTE | |
| General note | Cover title: The best of Hägar the Horrible. Chronicling the first ten epic years of maurading myahem, merriment and mirth. |
| 520 ## - SUMMARY, ETC. | |
| Summary, etc. | This Best of is a celebration of the first ten years of Hagar's epic, never-ending quest to put meat, mead and loot on the family table, while doing as little as possible. This collection, curated by Chris Browne, Dik's son and current Hagar artist. |
| 650 #0 - SUBJECT ADDED ENTRY--TOPICAL TERM | |
| Topical term or geographic name entry element | American wit and humor, Pictorial. |
| 655 #0 - INDEX TERM--GENRE/FORM | |
| Genre/form data or focus term | Comic books, strips, etc. |
| 740 0# - ADDED ENTRY--UNCONTROLLED RELATED/ANALYTICAL TITLE | |
| Uncontrolled related/analytical title | Best of Hägar the Horrible. |
| Withdrawn status | Lost status | Damaged status | Not for loan | Home library | Current library | Shelving location | Date acquired | Total checkouts | Full call number | Barcode | Date last seen | Price effective from | Koha item type |
|---|---|---|---|---|---|---|---|---|---|---|---|---|---|
| Centerville | Centerville | General stacks | 22/03/2026 | 741.5/6973 23 | BC0010906 | 22/03/2026 | 22/03/2026 | Books |